[Event "Pan-AM College-chT 2018"]
[Site "Burlingame"]
[Date "2018.12.30"]
[Round "6"]
[White "Bruzon Batista, Lazaro"]
[Black "Matsenko, Sergei"]
[Result "1-0"]
[WhiteElo "2664"]
[BlackElo "2524"]
[Annotator "RC"]
[PlyCount "115"]
[EventDate "2018.12.28"]
[EventType "swiss"]
[EventCountry "USA"]
[SourceTitle "playchess.com"]
[Source "ChessBase"]
[SourceQuality "1"]
[TimeControl "5400+30"]

1. e4 {[%emt 0:00:00]} e6 {[%emt 0:03:04]} 2. d4 {[%emt 0:01:39]} d5 {[%emt 0:00:03]} 3. Nd2 {[%emt 0:00:06]} c5 {[%emt 0:00:09]} 4. Ngf3 {[%emt 0:00:07]} cxd4 {[%emt 0:00:07]} 5. Nxd4 {[%emt 0:00:06]} Nf6 {[%emt 0:00:06]} 6. exd5 {[%emt 0:00:08]} Qxd5 {[%emt 0:00:03]} 7. Nb5 {[%emt 0:01:35]} Na6 {[%emt 0:00:20]} 8. a3 {[%emt 0:01:26]} Be7 {[%emt 0:00:44]} 9. Nc3 {[%emt 0:04:30]} Qd8 {[%emt 0:00:04]} 10. Qf3 {[%emt 0:02:17]} Nc7 {[%emt 0:00:03]} 11. Bd3 {[%emt 0:04:06]} O-O {[%emt 0:04:49]} 12. O-O {[%emt 0:01:14]} Ncd5 {[%emt 0:03:07]} 13. Nxd5 {[%emt 0:04:06]} Qxd5 {[%emt 0:02:17]} 14. Ne4 {[%emt 0:01:18]} Nxe4 {[%emt 0:13:21]} 15. Bxe4 {[%emt 0:00:10]} Qc5 {[%emt 0:00:32]} 16. Bxb7 {[%emt 0:18:47]} Bxb7 {[%emt 0:00:25]} 17. Qxb7 {[%emt 0:00:06]} Rab8 {[%emt 0:00:05]} 18. Qe4 {[%emt 0:00:11]} Rfc8 {[%emt 0:00:02]} 19. c3 {[%emt 0:01:04]} a5 {[%emt 0:02:18]} 20. Rd1 {[%emt 0:06:50]} Bf6 {[%emt 0:01:28]} 21. Be3 {[%emt 0:09:47]} Qc4 {[%emt 0:01:03]} 22. Qxc4 {[%emt 0:00:30]} Rxc4 {[%emt 0:00:03]} 23. Rd2 {[%emt 0:01:18]} a4 {[%emt 0:01:58]} 24. Rad1 {[%emt 0:01:29]} g5 {[%emt 0:00:36]} 25. Kf1 {[%emt 0:00:44]} Kg7 {[%emt 0:01:53]} 26. Rc2 {[%emt 0:04:03]} Kg6 {[%emt 0:03:20]} 27. Rd7 {[%emt 0:02:26]} h5 {[%emt 0:01:34]} 28. Ke2 {[%emt 0:04:42]} g4 {[%emt 0:05:05]} 29. g3 {[%emt 0:05:29]} Bg7 {[%emt 0:02:12]} 30. Bc1 {[%emt 0:09:41]} f5 {[%emt 0:04:20]} 31. Kd3 {[%emt 0:01:21]} Rbc8 {[%emt 0:03:03]} 32. Rb7 {[%emt 0:05:33]} Re4 {[%emt 0:01:15]} 33. Be3 {[%emt 0:00:01]} Bf8 {[%emt 0:06:20]} 34. Rd2 {[%emt 0:04:11]} h4 {[%emt 0:18:22]} 35. Kc2 {[%emt 0:01:36]} h3 {[%emt 0:01:16]} 36. Rd4 {[%emt 0:01:19]} Bc5 {[%emt 0:01:46]} 37. Rxe4 {[%emt 0:00:44]} fxe4 {[%emt 0:00:01]} 38. Kd2 {[%emt 0:01:14]} Bxe3+ {[%emt 0:01:48]} 39. fxe3 {[%emt 0:01:14]} Rf8 {[%emt 0:00:20]} 40. Ke2 {[%emt 0:00:04]} Rf3 {[%emt 0:00:09]} 41. Rd7 {[%emt 0:00:19]} e5 {[%emt 0:01:54]} 42. Rd5 {[%emt 0:00:36]} Kf5 {[%emt 0:00:20]} 43. Rd8 {[%emt 0:00:29]} Ke6 {[%emt 0:00:36]} 44. Ra8 {[%emt 0:00:32]} Kf7 {[%emt 0:00:50]} 45. c4 {[%emt 0:01:47]} Kg7 {[%emt 0:01:36]} 46. Ra7+ {[%emt 0:00:01]} Kg6 {[%emt 0:00:11]} 47. Rd7 {[%emt 0:00:31]} Rf8 {[%emt 0:00:38]} 48. Rd6+ {[%emt 0:00:48]} Kf7 {[%emt 0:00:58]} 49. c5 {[%emt 0:00:29]} Rc8 {[%emt 0:00:19]} 50. c6 {[%emt 0:00:34]} Ke7 {[%emt 0:00:00]} 51. Rd7+ {[%emt 0:00:20]} Ke6 {[%emt 0:00:02]} 52. Rh7 {[%emt 0:00:34]} Kd5 {[%emt 0:06:23]} 53. c7 {[%emt 0:00:10]} Kc4 {[%emt 0:01:42]} 54. Kd2 {[%emt 0:01:01]} Kb3 {[%emt 0:00:01]} 55. Kc1 {[%emt 0:00:06]} Rf8 {[%emt 0:00:04]} 56. Rd7 {[%emt 0:00:36]} Rc8 {[%emt 0:03:23]} 57. Rf7 {[%emt 0:00:05]} Rh8 {[%emt 0:02:26]} 58. Rf6 {[%emt 0:01:26]} 1-0

[Event "Pan-AM College-chT 2018"]
[Site "Burlingame"]
[Date "2018.12.30"]
[Round "6"]
[White "Kovalyov, Anton"]
[Black "Ringoir, Tanguy"]
[Result "1/2-1/2"]
[WhiteElo "2621"]
[BlackElo "2516"]
[Annotator "TA"]
[PlyCount "40"]
[EventDate "2018.12.28"]
[EventType "swiss"]
[EventCountry "USA"]
[SourceTitle "playchess.com"]
[Source "ChessBase"]
[SourceQuality "1"]

{[%evp 17,40,7,9,8,7,7,14,0,0,0,0,0,19,22,27,14,14,11,17,12,41,20,29,15,18]} 1. c4 Nf6 2. Nf3 e6 3. Nc3 d5 4. e3 b6 5. b3 Bb7 6. Bb2 {A17: English Opening: 1...Nf6 with ...Bb4} Bd6 (6... Be7 7. cxd5 exd5 8. d4 Nbd7 9. g3 O-O 10. Bg2 Re8 11. O-O Bf8 12. Qc2 Rc8 13. Rfd1 a6 {1-0 (42) So,W (2812)-Bacrot,E (2708) Paris 2017}) 7. cxd5 exd5 8. Nb5 Be7 9. Be5 Na6 {LiveBook: 3 Games} 10. Be2 $146 ({Predecessor:} 10. Nbd4 O-O 11. Nc6 Bxc6 12. Bxa6 Nd7 13. Bxg7 Kxg7 {0-1 (46) Dubov,D (2677)-Jakovenko,D (2710) Sochi 2017}) 10... O-O 11. O-O c5 12. d4 Nb4 13. dxc5 bxc5 14. Bb2 Qb6 15. Nc3 Qe6 16. a3 Nc6 17. Qc2 {aiming for Ng5.} h6 18. Rad1 Rfd8 19. Rfe1 Bf8 20. Bf1 Na5 {Accuracy: White = 65%, Black = 58%.} 1/2-1/2

[Event "Pan-AM College-chT 2018"]
[Site "Burlingame"]
[Date "2018.12.30"]
[Round "6"]
[White "Prohaszka, Peter"]
[Black "Dragun, Kamil"]
[Result "1/2-1/2"]
[WhiteElo "2613"]
[BlackElo "2578"]
[Annotator "RC"]
[PlyCount "65"]
[EventDate "2018.12.28"]
[EventType "swiss"]
[EventCountry "USA"]
[SourceTitle "playchess.com"]
[Source "ChessBase"]
[SourceQuality "1"]
[TimeControl "5400+30"]

1. d4 {[%emt 0:00:00]} Nf6 {[%emt 0:01:06]} 2. c4 {[%emt 0:00:00]} e6 {[%emt 0:00:23]} 3. Nf3 {[%emt 0:00:00]} d5 {[%emt 0:00:21]} 4. g3 {[%emt 0:00:00]} Bb4+ {[%emt 0:00:25]} 5. Bd2 {[%emt 0:00:09]} Be7 {[%emt 0:00:09]} 6. Bg2 {[%emt 0:00:05]} c6 {[%emt 0:00:12]} 7. Qc2 {[%emt 0:00:25]} O-O {[%emt 0:00:26]} 8. O-O {[%emt 0:00:05]} Nbd7 {[%emt 0:00:09]} 9. Rc1 {[%emt 0:00:23]} b6 {[%emt 0:02:53]} 10. cxd5 {[%emt 0:00:36]} cxd5 {[%emt 0:00:57]} 11. Bf4 {[%emt 0:00:09]} Bb7 {[%emt 0:06:34]} 12. Qb3 {[%emt 0:00:26]} Rc8 {[%emt 0:03:02]} 13. Rxc8 {[%emt 0:00:25]} Qxc8 {[%emt 0:01:25]} 14. Nc3 {[%emt 0:00:18]} a6 {[%emt 0:02:31]} 15. Rc1 {[%emt 0:07:27]} Qa8 {[%emt 0:00:37]} 16. Ne5 {[%emt 0:17:33]} Nxe5 {[%emt 0:04:29]} 17. Bxe5 {[%emt 0:03:20]} Nd7 {[%emt 0:02:39]} 18. Bf4 {[%emt 0:08:22]} Rc8 {[%emt 0:04:24]} 19. Bd2 {[%emt 0:02:25]} b5 {[%emt 0:01:07]} 20. e3 {[%emt 0:01:39]} Nb6 {[%emt 0:01:56]} 21. Ne2 {[%emt 0:01:12]} Rc4 {[%emt 0:00:41]} 22. Qd1 {[%emt 0:02:14]} b4 {[%emt 0:11:32]} 23. b3 {[%emt 0:05:52]} Rxc1 {[%emt 0:00:06]} 24. Nxc1 {[%emt 0:00:15]} a5 {[%emt 0:00:27]} 25. Nd3 {[%emt 0:00:53]} Ba6 {[%emt 0:03:42]} 26. Bf1 {[%emt 0:04:34]} Qc8 {[%emt 0:02:59]} 27. Qc1 {[%emt 0:04:12]} Qxc1 {[%emt 0:00:05]} 28. Bxc1 {[%emt 0:01:36]} Nc8 {[%emt 0:02:03]} 29. f3 {[%emt 0:07:12]} Kf8 {[%emt 0:01:28]} 30. Kf2 {[%emt 0:01:09]} Ke8 {[%emt 0:00:54]} 31. Bb2 {[%emt 0:00:35]} g6 {[%emt 0:00:34]} 32. g4 {[%emt 0:03:11]} Nd6 {[%emt 0:04:10]} 33. Be2 {[%emt 0:03:59]} 1/2-1/2

[Event "Pan-AM College-chT 2018"]
[Site "Burlingame"]
[Date "2018.12.30"]
[Round "6"]
[White "Gabuzyan, Hovhannes"]
[Black "Shimanov, Aleksandr"]
[Result "1/2-1/2"]
[WhiteElo "2611"]
[BlackElo "2610"]
[Annotator "ChessBase"]
[PlyCount "89"]
[EventDate "2018.12.28"]
[EventType "swiss"]
[EventCountry "USA"]
[SourceTitle "playchess.com"]
[Source "ChessBase"]
[SourceQuality "1"]
[TimeControl "5400+30"]

1. Nf3 {[%emt 0:01:04]} d5 {[%emt 0:00:00]} 2. g3 {[%emt 0:00:04]} Bg4 {[%emt 0:01:15]} 3. Bg2 {[%emt 0:00:13]} c6 {[%emt 0:00:20]} 4. O-O {[%emt 0:00:17]} Nd7 {[%emt 0:00:28]} 5. d4 {[%emt 0:00:07]} e6 {[%emt 0:00:50]} 6. Re1 {[%emt 0:00:35]} Ngf6 {[%emt 0:00:17]} 7. Nbd2 {[%emt 0:00:07]} Be7 {[%emt 0:00:15]} 8. e4 {[%emt 0:00:07]} O-O {[%emt 0:00:11]} 9. c3 {[%emt 0:00:10]} Bh5 {[%emt 0:00:23]} 10. e5 {[%emt 0:00:23]} Ne8 {[%emt 0:00:14]} 11. Nb3 {[%emt 0:00:08]} a5 {[%emt 0:01:27]} 12. Be3 {[%emt 0:00:05]} Nb6 {[%emt 0:06:37]} 13. Nc1 {[%emt 0:00:27]} Nc4 {[%emt 0:01:53]} 14. Nd3 {[%emt 0:00:18]} a4 {[%emt 0:06:06]} 15. b3 {[%emt 0:05:22]} axb3 {[%emt 0:02:03]} 16. axb3 {[%emt 0:00:04]} Rxa1 {[%emt 0:01:16]} 17. Qxa1 {[%emt 0:00:05]} Nxe3 {[%emt 0:00:06]} 18. fxe3 {[%emt 0:00:03]} Qb6 {[%emt 0:01:23]} 19. Qb2 {[%emt 0:03:42]} Nc7 {[%emt 0:02:51]} 20. Ra1 {[%emt 0:00:56]} Ra8 {[%emt 0:01:35]} 21. Rxa8+ {[%emt 0:00:46]} Nxa8 {[%emt 0:00:04]} 22. c4 {[%emt 0:05:08]} Qa5 {[%emt 0:03:29]} 23. c5 {[%emt 0:05:11]} Nc7 {[%emt 0:01:00]} 24. Nfe1 {[%emt 0:01:07]} Bg6 {[%emt 0:01:31]} 25. Bf1 {[%emt 0:00:49]} Nb5 {[%emt 0:04:27]} 26. b4 {[%emt 0:01:19]} Qa4 {[%emt 0:01:50]} 27. Kf2 {[%emt 0:02:16]} Bf5 {[%emt 0:03:42]} 28. Be2 {[%emt 0:00:17]} Nc7 {[%emt 0:02:03]} 29. h4 {[%emt 0:01:41]} Na6 {[%emt 0:02:16]} 30. Nc2 {[%emt 0:03:46]} f6 {[%emt 0:05:01]} 31. exf6 {[%emt 0:01:53]} Bxf6 {[%emt 0:02:38]} 32. Nde1 {[%emt 0:03:17]} Nb8 {[%emt 0:09:23]} 33. b5 {[%emt 0:05:08]} Nd7 {[%emt 0:02:45]} 34. bxc6 {[%emt 0:00:24]} bxc6 {[%emt 0:08:59]} 35. Bd3 {[%emt 0:03:11]} Qa8 {[%emt 0:02:30]} 36. Qb3 {[%emt 0:02:05]} Bg4 {[%emt 0:05:49]} 37. e4 {[%emt 0:04:05]} Qa5 {[%emt 0:08:44]} 38. Be2 {[%emt 0:02:22]} Qd2 {[%emt 0:01:37]} 39. Qe3 {[%emt 0:03:04]} Qxe3+ {[%emt 0:00:27]} 40. Kxe3 {[%emt 0:00:06]} Bxe2 {[%emt 0:00:04]} 41. Kxe2 {[%emt 0:00:03]} dxe4 {[%emt 0:00:04]} 42. Ke3 {[%emt 0:00:05]} e5 {[%emt 0:00:15]} 43. Kxe4 {[%emt 0:00:05]} exd4 {[%emt 0:00:07]} 44. Nd3 {[%emt 0:00:03]} Kf7 {[%emt 0:01:03]} 45. Nxd4 {[%emt 0:01:30]} 1/2-1/2

[Event "Pan-AM College-chT 2018"]
[Site "Burlingame"]
[Date "2018.12.30"]
[Round "6"]
[White "Cordova, Emilio"]
[Black "Belous, Vladimir"]
[Result "*"]
[WhiteElo "2595"]
[BlackElo "2533"]
[Annotator "TA"]
[PlyCount "41"]
[EventDate "2018.12.28"]
[EventType "swiss"]
[EventCountry "USA"]
[SourceTitle "playchess.com"]
[Source "ChessBase"]
[SourceQuality "1"]

{[%evp 16,41,4,7,6,0,0,0,0,0,0,0,83,6,7,7,6,5,5,6,6,6,6,1,6,4,5,-3]} 1. Nf3 c5 2. c4 g6 3. g3 Bg7 4. Bg2 Nc6 5. Nc3 d6 6. O-O Bf5 7. b3 {A37: Symmetrical English vs ...g6: 4 Bg2 Bg7 5 Nf3} (7. d3 Qd7 8. Nd5 Nf6 9. Bd2 O-O 10. Bc3 Nxd5 11. cxd5 Nd4 12. Nh4 Bg4 13. f3 Bh3 14. Bxh3 Qxh3 {1-0 (59) Grischuk,A (2766)-Anand,V (2759) Paris 2018}) 7... Qd7 8. Bb2 Bh3 9. e3 {LiveBook: 4 Games} h5 10. d4 Bxg2 11. Kxg2 h4 12. dxc5 hxg3 13. fxg3 {[#]} Nf6 $146 {[#]} (13... Qh3+ $1 $11 {keeps the balance.} 14. Kg1 dxc5) ({Predecessor:} 13... Qh3+ 14. Kg1 dxc5 {0-1 (40) Kosten,A (2458)-Gordon,S (2521) Torquay 2013}) 14. h4 ({Better is} 14. cxd6 $1 $16 exd6 15. Qe2) 14... dxc5 $11 {The position is equal.} 15. Qxd7+ Nxd7 16. Rad1 Rd8 17. Rf2 O-O 18. Rfd2 Nde5 19. Rxd8 Rxd8 20. Rxd8+ Nxd8 21. Na4 {Accuracy: White = 61%, Black = 82%.} *

[Event "Pan-AM College-chT 2018"]
[Site "Burlingame"]
[Date "2018.12.30"]
[Round "6"]
[White "Baryshpolets, Andrey"]
[Black "Nyzhnyk, Illya"]
[Result "0-1"]
[WhiteElo "2578"]
[BlackElo "2624"]
[Annotator "TA"]
[PlyCount "60"]
[EventDate "2018.12.28"]
[EventType "swiss"]
[EventCountry "USA"]
[SourceTitle "playchess.com"]
[Source "ChessBase"]
[SourceQuality "1"]

{[%evp 9,60,25,37,41,41,33,40,25,22,21,19,10,24,8,47,45,50,33,56,61,128,137,133,138,139,141,224,220,197,177,173,117,208,200,200,185,182,181,214,193,204,195,196,196,262,180,214,182,198,147,184,169,29990]} 1. d4 d5 2. c4 dxc4 3. e4 e5 4. Nf3 Bb4+ 5. Nc3 Nf6 {LiveBook: 6 Games} 6. Nxe5 {D20: Queen's Gambit Accepted: 3 e3 and 3 e4} b5 {...Nxe4 is the strong threat.} 7. f3 Bb7 $146 ({Predecessor:} 7... a6 8. a4 Bb7 9. axb5 axb5 10. Rxa8 Bxa8 11. Be3 O-O 12. Kf2 Nbd7 13. Nxd7 Qxd7 {½-½ (46) Banusz,T (2616)-Huschenbeth,N (2601) Austria 2017}) 8. a3 {White is slightly better.} Ba5 9. Be3 a6 10. Be2 O-O 11. O-O $36 {[%mdl 2048] White is pushing.} Bb6 12. a4 c6 13. Kh1 Qe7 14. b3 Qb4 ({Better is} 14... cxb3 $14 15. Qxb3 Nbd7) 15. Na2 $1 $16 {[%cal Ra2b4]} Qxb3 {[#]} 16. Qc1 $1 c3 ({Not} 16... Qxa4 $2 17. Bd1 $18) 17. Nxc3 {Hoping for Nc4!} ({Don't play} 17. Qxc3 Qxc3 18. Nxc3 Rd8 $16) 17... Nbd7 {[#]} (17... Qe6 $16) 18. Nc4 $1 $18 {[%mdl 512]} Qb4 (18... bxc4 19. Rb1) 19. Nxb6 Nxb6 20. d5 (20. Rb1 $18 Qe7 21. d5 (21. axb5 cxb5 22. d5 Nfd7 $16)) 20... Nfd7 (20... cxd5 $16 21. Bxb6 Rfc8) 21. dxc6 Bxc6 22. Rb1 Qe7 23. axb5 axb5 24. Nxb5 Rfc8 {Threatens to win with ...Bxb5.} 25. Qd2 {And now Nd6 would win.} Bxb5 26. Bxb5 Rd8 (26... Rab8 {was called for.} 27. Rfc1 h6) 27. Qf2 Nc8 {White is clearly better.} 28. Rfd1 {aiming for Qd2.} Nf8 29. Rd4 (29. Bc4 $18) 29... Rd6 30. Rxd6 Qd8 $2 {[%mdl 32768] Accuracy: White = 63%, Black = 62%. . Loss on time!?} (30... Nxd6 $18 31. Bc6 Rc8) 0-1

[Event "Pan-AM College-chT 2018"]
[Site "Burlingame"]
[Date "2018.12.30"]
[Round "6"]
[White "Stukopin, Andrey"]
[Black "Durarbayli, Vasif"]
[Result "1/2-1/2"]
[WhiteElo "2565"]
[BlackElo "2620"]
[Annotator "ChessBase"]
[PlyCount "65"]
[EventDate "2018.12.28"]
[EventType "swiss"]
[EventCountry "USA"]
[SourceTitle "playchess.com"]
[Source "ChessBase"]
[SourceQuality "1"]
[TimeControl "5400+30"]

1. e4 {[%emt 0:00:00]} e5 {[%emt 0:00:00]} 2. Nf3 {[%emt 0:00:05]} Nc6 {[%emt 0:00:00]} 3. Bc4 {[%emt 0:00:04]} Bc5 {[%emt 0:00:00]} 4. O-O {[%emt 0:00:24]} Nf6 {[%emt 0:00:00]} 5. d3 {[%emt 0:00:15]} O-O {[%emt 0:00:05]} 6. h3 {[%emt 0:00:04]} d6 {[%emt 0:00:32]} 7. c3 {[%emt 0:00:07]} a5 {[%emt 0:00:05]} 8. Re1 {[%emt 0:02:34]} h6 {[%emt 0:00:11]} 9. Nbd2 {[%emt 0:02:01]} Be6 {[%emt 0:00:42]} 10. a4 {[%emt 0:06:22]} Ba7 {[%emt 0:00:15]} 11. Bb5 {[%emt 0:11:11]} Ne7 {[%emt 0:08:44]} 12. d4 {[%emt 0:00:10]} Ng6 {[%emt 0:00:20]} 13. Nf1 {[%emt 0:01:12]} Qc8 {[%emt 0:07:06]} 14. Ng3 {[%emt 0:01:53]} c6 {[%emt 0:06:02]} 15. Bd3 {[%emt 0:01:52]} Re8 {[%emt 0:00:40]} 16. Nf5 {[%emt 0:12:51]} Bb8 {[%emt 0:05:42]} 17. dxe5 {[%emt 0:02:01]} dxe5 {[%emt 0:00:46]} 18. Qc2 {[%emt 0:00:05]} Qc7 {[%emt 0:04:54]} 19. Be3 {[%emt 0:07:56]} Bxf5 {[%emt 0:10:34]} 20. exf5 {[%emt 0:00:05]} Nf8 {[%emt 0:01:29]} 21. Nd2 {[%emt 0:06:20]} e4 {[%emt 0:13:17]} 22. Bxe4 {[%emt 0:01:44]} Qh2+ {[%emt 0:04:30]} 23. Kf1 {[%emt 0:00:04]} Nd5 {[%emt 0:02:21]} 24. Bxd5 {[%emt 0:11:07]} cxd5 {[%emt 0:00:15]} 25. Qd3 {[%emt 0:00:11]} Qh1+ {[%emt 0:07:32]} 26. Ke2 {[%emt 0:00:04]} Qxg2 {[%emt 0:00:04]} 27. Rg1 {[%emt 0:00:45]} Qxh3 {[%emt 0:00:29]} 28. Qxd5 {[%emt 0:05:18]} Be5 {[%emt 0:06:56]} 29. Qf3 {[%emt 0:01:18]} Qxf3+ {[%emt 0:00:19]} 30. Kxf3 {[%emt 0:02:16]} Ra6 {[%emt 0:02:04]} 31. Ne4 {[%emt 0:00:00]} Rc6 {[%emt 0:02:18]} 32. Rad1 {[%emt 0:01:31]} Nh7 {[%emt 0:01:40]} 33. Rd7 {[%emt 0:07:44]} 1/2-1/2

[Event "Pan-AM College-chT 2018"]
[Site "Burlingame"]
[Date "2018.12.30"]
[Round "6"]
[White "Vorontsov, Pavlo"]
[Black "Quesada Perez, Yuniesky"]
[Result "1/2-1/2"]
[WhiteElo "2548"]
[BlackElo "2642"]
[Annotator "TA"]
[PlyCount "49"]
[EventDate "2018.12.28"]
[EventType "swiss"]
[EventCountry "USA"]
[SourceTitle "playchess.com"]
[Source "ChessBase"]
[SourceQuality "1"]

{[%evp 23,49,0,0,0,3,0,9,11,11,6,2,5,21,0,0,0,0,0,0,0,5,0,0,-8,804,-1273,-1261,-29993]} 1. d4 Nf6 2. c4 e6 3. Nf3 d5 4. Nc3 c6 5. Bg5 h6 6. Bxf6 Qxf6 7. e3 g6 8. Be2 {D43: Semi-Slav: 5 Bg5 h6} Nd7 (8... Bg7 9. O-O O-O 10. e4 dxc4 11. Bxc4 Qd8 12. e5 c5 13. dxc5 Nd7 14. Qe2 Nxc5 15. Rfd1 Qe7 {1-0 (75) Lenic,L (2650)-Giri,A (2762) Heraklio 2017}) 9. O-O Bg7 10. Rc1 O-O 11. cxd5 exd5 12. b4 a6 {LiveBook: 3 Games} 13. a4 Qd6 14. b5 $146 ({Predecessor:} 14. Qb3 Nb6 15. a5 Nd7 16. Na4 Re8 17. Bd3 Rb8 18. Rfe1 Nf8 19. Qc3 Ne6 20. Ne5 Nc7 {½-½ (20) Voloshin,L (2424)-Krejci,J (2504) Ceske Budejovice 2016}) 14... axb5 15. axb5 Nb6 16. bxc6 bxc6 17. Rb1 Rb8 18. Na4 Nxa4 19. Qxa4 Bf5 20. Rxb8 Rxb8 21. Rc1 Bd7 22. Qc2 Qa3 23. Rb1 Rb6 $2 {[%mdl 8192] [#]} (23... Rxb1+ $11 24. Qxb1 Bf5) 24. Rb2 $4 {[%mdl 8192]} (24. Rxb6 $18 Qa1+ 25. Bf1) 24... Rxb2 $19 25. Qb1 {[%mdl 32768] Accuracy: White = 42%, Black = 57%. . An unexpected result.} 1/2-1/2

[Event "Pan-AM College-chT 2018"]
[Site "Burlingame"]
[Date "2018.12.30"]
[Round "6"]
[White "Preotu, Razvan"]
[Black "Marek, Matyas"]
[Result "1-0"]
[WhiteElo "2524"]
[BlackElo "2358"]
[Annotator "TA"]
[PlyCount "71"]
[EventDate "2018.12.28"]
[EventType "swiss"]
[EventCountry "USA"]
[SourceTitle "playchess.com"]
[Source "ChessBase"]
[SourceQuality "1"]

{[%evp 34,71,37,40,61,14,75,77,79,61,118,109,82,27,115,99,93,39,263,253,278,288,275,247,404,391,488,479,2491,2392,1684,1083,6241,5831,29985,29986,29986,29987,29998,29999]} 1. e4 c5 2. Nf3 d6 3. d4 cxd4 4. Nxd4 Nf6 5. Nc3 Nc6 6. Bg5 e6 7. Qd2 a6 8. O-O-O Bd7 9. f4 {[%cal Bf2f4,Bf4f5][%mdl 32]} b5 10. Bxf6 gxf6 11. f5 Qb6 12. Nxc6 Bxc6 13. Kb1 b4 {B67: Sicilian: Richter-Rauzer: 7...a6 8 0-0-0 Bd7, lines without 9 f4 Be7} 14. Ne2 e5 15. Ng3 Qc5 16. Bd3 (16. Nh5 Ke7 17. Bd3 Rg8 18. h4 Rd8 19. Qe2 Bh6 20. Rhe1 a5 21. g4 {0-1 (42) Saric,I (2609)-Kozul,Z (2631) Valpovo 2017}) 16... h5 17. h4 Bh6 18. Qe2 {LiveBook: 16 Games} Qe3 19. Rh3 Ke7 $146 (19... Qxe2 $1 $11 20. Bxe2 {[%mdl 64] Discovered Attack} Ke7) ({Predecessor:} 19... Qxe2 20. Bxe2 {0-1 (66) Dworakowska,J (2401)-Kosintseva,T (2477) Gothenburg 2005}) 20. Qf1 $1 $16 Qf4 21. Qe1 $1 (21. Bxa6 Qxf1 22. Bxf1 Bf4 $11) 21... a5 (21... Qe3 $1 $14) 22. Nxh5 Qg4 23. Ng3 ({White should try} 23. Nxf6 $16 Kxf6 24. Rg3) 23... Rhb8 (23... Rhc8 $11 {remains equal.}) 24. Be2 $1 $36 {[%cal Re2g4][%mdl 2048] White has strong initiative.} Qg8 25. Bc4 (25. Qf1 $16) 25... a4 $2 {[#]} (25... Qg4 $1 $14) 26. Qe2 $1 $18 b3 27. cxb3 (27. Qd3 bxc2+ 28. Qxc2 (28. Kxc2 Qd8 $16) 28... Qd8 $16) 27... axb3 28. axb3 ({Weaker is} 28. Bxb3 Rb4 $16) 28... Rb6 $2 (28... Rb4 29. Qd3 Rd8) 29. Nh5 ({Less strong is} 29. Qd3 Bb7 $16) 29... Ra5 {[#] next ...Qa8 is good for Black.} 30. Nxf6 $1 {[%mdl 576] Deflection} Kxf6 (30... Qa8 $142) 31. Rxd6+ Ke7 32. Rxh6 Qa8 33. Rd3 {f6+ would kill now.} Ra1+ 34. Kc2 {White mates.} Bxe4 35. Rxb6 Qa2 36. f6+ {Accuracy: White = 56%, Black = 25%.} 1-0

[Event "Pan-AM College-chT 2018"]
[Site "Burlingame"]
[Date "2018.12.30"]
[Round "6"]
[White "Rohan, Ahuja"]
[Black "Popilski, Gil"]
[Result "1/2-1/2"]
[WhiteElo "2393"]
[BlackElo "2503"]
[Annotator "TA"]
[PlyCount "34"]
[EventDate "2018.12.28"]
[EventType "swiss"]
[EventCountry "USA"]
[SourceTitle "playchess.com"]
[Source "ChessBase"]
[SourceQuality "1"]

{[%evp 25,34,22,42,9,10,10,26,0,0,0,22]} 1. Nf3 d5 2. g3 g6 3. Bg2 Bg7 4. d4 Nf6 5. c4 dxc4 6. Na3 Nc6 7. Nxc4 Be6 8. b3 Bd5 9. Bb2 a5 10. Rc1 O-O 11. O-O a4 12. bxa4 Ra6 13. a3 Qa8 {LiveBook: 35 Games} 14. Qc2 {D77: Fianchetto Grünfeld: 6 0-0: Replies other than 6...c6} Be4 $1 {[%cal Re4c2]} 15. Qb3 Bd5 {[#]} 16. Qc2 $146 Be4 17. Qb3 Bd5 1/2-1/2

[Event "Pan-AM College-chT 2018"]
[Site "Burlingame"]
[Date "2018.12.30"]
[Round "6"]
[White "Narva, Mai"]
[Black "Raznikov, Danny"]
[Result "1/2-1/2"]
[WhiteElo "2347"]
[BlackElo "2499"]
[Annotator "RC"]
[PlyCount "50"]
[EventDate "2018.12.28"]
[EventType "swiss"]
[EventCountry "USA"]
[SourceTitle "playchess.com"]
[Source "ChessBase"]
[SourceQuality "1"]
[TimeControl "5400+30"]

1. e4 {[%emt 0:00:00]} e5 {[%emt 0:00:00]} 2. Nf3 {[%emt 0:00:00]} Nc6 {[%emt 0:00:04]} 3. Bb5 {[%emt 0:00:00]} a6 {[%emt 0:00:12]} 4. Ba4 {[%emt 0:00:10]} Nf6 {[%emt 0:00:23]} 5. O-O {[%emt 0:00:19]} Be7 {[%emt 0:00:27]} 6. Re1 {[%emt 0:00:18]} b5 {[%emt 0:00:11]} 7. Bb3 {[%emt 0:00:07]} d6 {[%emt 0:00:12]} 8. c3 {[%emt 0:00:21]} O-O {[%emt 0:00:10]} 9. h3 {[%emt 0:00:29]} Na5 {[%emt 0:00:24]} 10. Bc2 {[%emt 0:00:12]} c5 {[%emt 0:00:14]} 11. d4 {[%emt 0:00:28]} Nd7 {[%emt 0:00:52]} 12. Nbd2 {[%emt 0:05:48]} exd4 {[%emt 0:04:00]} 13. cxd4 {[%emt 0:00:09]} Nc6 {[%emt 0:00:13]} 14. Nf1 {[%emt 0:12:29]} cxd4 {[%emt 0:06:57]} 15. Nxd4 {[%emt 0:00:15]} Nxd4 {[%emt 0:01:23]} 16. Qxd4 {[%emt 0:00:08]} Ne5 {[%emt 0:11:59]} 17. Qd1 {[%emt 0:09:57]} Bf6 {[%emt 0:13:01]} 18. Ne3 {[%emt 0:10:57]} Nc4 {[%emt 0:10:29]} 19. Rb1 {[%emt 0:14:43]} Be6 {[%emt 0:04:39]} 20. Nd5 {[%emt 0:08:54]} Bxd5 {[%emt 0:11:55]} 21. Qxd5 {[%emt 0:16:03]} Rc8 {[%emt 0:01:36]} 22. Re2 {[%emt 0:02:40]} Re8 {[%emt 0:08:04]} 23. b3 {[%emt 0:03:23]} Ne5 {[%emt 0:07:28]} 24. Be3 {[%emt 0:06:18]} Nc6 {[%emt 0:05:07]} 25. Qd2 {[%emt 0:02:33]} Qc7 {[%emt 0:01:19]} 1/2-1/2